[Event "CHN-chT Div-B"]
[Site "Binhai"]
[Date "2024.08.14"]
[Round "5.3"]
[White "Zhu, Hengyi"]
[Black "Li, Wenxiang"]
[Result "1-0"]
[WhiteElo "2340"]
[BlackElo "2157"]
[PlyCount "71"]
[EventDate "2024.08.12"]
[EventType "team-swiss"]
[EventRounds "9"]
[EventCountry "CHN"]
[SourceTitle "CBM 221 Extra"]
[Source "ChessBase"]
[SourceDate "2024.09.30"]
[SourceVersion "1"]
[SourceVersionDate "2024.09.30"]
[SourceQuality "1"]
[WhiteTeam "Hangzhou Chess Assoc"]
[BlackTeam "Shenzhen Qixin"]
[WhiteTeamCountry "CHN"]
[BlackTeamCountry "CHN"]

1. e4 c6 2. Nf3 d5 3. d3 g6 4. e5 Bg4 5. d4 Bg7 6. Nbd2 e6 7. c3 Nd7 8. h3 Bxf3 9. Nxf3 Qb6 10. Be2 Ne7 11. 0-0 c5 12. Rb1 Nc6 13. b4 cxd4 14. cxd4 0-0 15. Be3 Rfc8 16. Qd2 a6 17. h4 h5 18. Bg5 Qa7 19. Qf4 b5 20. Rfd1 Nf8 21. Nh2 Nh7 22. g4 Nxg5 23. hxg5 h4 24. Nf3 a5 25. bxa5 Qxa5 26. Rd2 b4 27. Kg2 Qb6 28. Rh1 Ra3 29. Rxh4 Rca8 30. Rd1 Kf8 31. Rh7 Ne7 32. Rdh1 Rxf3 33. Bxf3 Rxa2 34. Rxg7 Kxg7 35. Qf6+ Kf8 36. Rh7 1-0

[Event "Qingdao SCO Teams 5th"]
[Site "Qingdao"]
[Date "2023.12.17"]
[Round "2.11"]
[White "Li, Wenxiang"]
[Black "Meng, Yihan"]
[Result "0-1"]
[WhiteElo "2194"]
[BlackElo "2001"]
[PlyCount "112"]
[EventDate "2023.12.17"]
[EventType "team-tourn (rapid)"]
[EventRounds "9"]
[EventCountry "CHN"]
[SourceTitle "CBM 217 Extra"]
[Source "ChessBase"]
[SourceDate "2024.01.31"]
[SourceVersion "1"]
[SourceVersionDate "2024.01.31"]
[SourceQuality "1"]
[WhiteTeam "China SCO"]
[BlackTeam "China Shanghai"]
[WhiteTeamCountry "CHN"]
[BlackTeamCountry "CHN"]

1. d4 d5 2. c4 dxc4 3. Nf3 Nf6 4. e3 e6 5. Bxc4 c5 6. 0-0 a6 7. a4 Nc6 8. Qe2 cxd4 9. Rd1 Be7 10. Nxd4 Nxd4 11. exd4 0-0 12. Nc3 Nd5 13. Bxd5 exd5 14. Nxd5 Qxd5 15. Qxe7 Bg4 16. Re1 Bd7 17. Qc5 Rfe8 18. Be3 Qxc5 19. dxc5 Re4 20. a5 Rae8 21. h3 Bc6 22. Red1 f6 23. Rd2 Kf7 24. Rad1 Ra4 25. Rd6 Rxa5 26. b4 Ra2 27. R1d4 Re7 28. g4 Rb2 29. Kf1 Bf3 30. Kg1 Bc6 31. Kf1 Rb1+ 32. Ke2 Rh1 33. Kd2 Rxh3 34. g5 f5 35. Rf4 Rf3 36. Rh4 Re4 37. Rxh7 Rfxe3 38. fxe3 Rg4 39. Rf6+ Kg8 40. Rxc6 bxc6 41. Rh1 Rxb4 42. Kc3 Rg4 43. Ra1 Rxg5 44. Rxa6 Rg6 45. Kd4 Re6 46. Ra8+ Kf7 47. Rd8 Ke7 48. Rg8 Kf7 49. Rd8 g5 50. Rd7+ Kg6 51. Rd6 Rxd6+ 52. cxd6 Kf7 53. Kc5 Ke8 54. Kxc6 Kd8 55. Kd5 g4 56. e4 g3 0-1

[Event "CHN-chTB"]
[Site "Hefei"]
[Date "2023.04.22"]
[Round "9"]
[White "Li, Wenxiang"]
[Black "Zhang, Zhi"]
[Result "1/2-1/2"]
[WhiteElo "2250"]
[BlackElo "1626"]
[PlyCount "100"]
[EventDate "2023.04.17"]
[EventType "team-swiss"]
[EventRounds "9"]
[EventCountry "CHN"]
[SourceTitle "EXT 2024"]
[Source "ChessBase"]
[SourceDate "2023.10.10"]
[SourceVersion "1"]
[SourceVersionDate "2023.10.10"]
[SourceQuality "1"]
[WhiteTeam "Qingdao Qingwei"]
[BlackTeam "Beijing"]
[WhiteTeamCountry "CHN"]
[BlackTeamCountry "CHN"]

1. c4 c6 2. Nf3 d5 3. d4 Nf6 4. Nc3 e6 5. Bg5 Be7 6. e3 0-0 7. cxd5 exd5 8. Qc2 Nbd7 9. Bd3 Re8 10. 0-0 h6 11. Bf4 Nb6 12. h3 Be6 13. Rab1 a5 14. Be5 Nfd7 15. Bg3 Bf8 16. Ne5 Nxe5 17. dxe5 Bc8 18. Rbd1 Nd7 19. f4 Bc5 20. Bf2 Ba7 21. Bh7+ Kh8 22. Bf5 Nf8 23. Bxc8 Rxc8 24. Qb3 Rc7 25. Ne4 f6 26. Nd6 fxe5 27. Nxe8 Qxe8 28. fxe5 Ne6 29. Qa4 Nc5 30. Qxa5 b6 31. Qa3 Ne4 32. Bh4 Qxe5 33. Rf8+ Kh7 34. Ra8 Qh5 35. Rf1 Qxh4 36. Rxa7 Rxa7 37. Qxa7 Qg3 38. Qxb6 Ng5 39. Kh1 Nxh3 40. Rf3 Qe1+ 41. Kh2 Ng5 42. Rg3 Ne4 43. Qc7 Nxg3 44. Qxg3 Qb1 45. Qe5 Qxa2 46. Qf5+ Kh8 47. Qc8+ Kh7 48. Qxc6 Qxb2 49. Qxd5 Kg6 50. Qe4+ Kf6 1/2-1/2

[Event "CHN-chT"]
[Site "Liaocheng"]
[Date "2021.10.20"]
[Round "1.3"]
[White "Li, Wenxiang"]
[Black "Chen, Qi B"]
[Result "1/2-1/2"]
[WhiteElo "2273"]
[BlackElo "2479"]
[PlyCount "60"]
[EventDate "2021.10.20"]
[EventType "team-swiss"]
[EventRounds "9"]
[EventCountry "CHN"]
[SourceTitle "CBM 204 Extra"]
[Source "ChessBase"]
[SourceDate "2021.11.30"]
[SourceVersion "1"]
[SourceVersionDate "2021.11.30"]
[SourceQuality "1"]
[WhiteTeam "Qingdao"]
[BlackTeam "Jiangsu"]
[WhiteTeamCountry "CHN"]
[BlackTeamCountry "CHN"]

1. d4 Nf6 2. c4 e6 3. Nc3 Bb4 4. Qc2 d6 5. Bg5 h6 6. Bxf6 Qxf6 7. a3 Bxc3+ 8. Qxc3 0-0 9. Nf3 Re8 10. g3 b6 11. Bg2 Bb7 12. 0-0 Nd7 13. Rfd1 Rad8 14. Rd2 Be4 15. Rad1 a5 16. Ne5 Bxg2 17. Nxd7 Rxd7 18. Kxg2 e5 19. e4 exd4 20. Qxd4 Qxd4 21. Rxd4 Rde7 22. Kf3 a4 23. g4 g5 24. R1d3 Re5 25. Re3 Rc5 26. Rc3 Rce5 27. Re3 Rc5 28. Rc3 Rce5 29. Re3 Rc5 30. Rc3 Rce5 1/2-1/2

[Event "World ol U16"]
[Site "Konya"]
[Date "2018.12.01"]
[Round "8.2"]
[White "Berdnyk, Mariia"]
[Black "Li, Wenxiang"]
[Result "0-1"]
[WhiteElo "2254"]
[BlackElo "2172"]
[PlyCount "121"]
[EventDate "2018.11.25"]
[EventType "team-swiss"]
[EventRounds "9"]
[EventCountry "TUR"]
[SourceTitle "CBM 187 Extra"]
[Source "ChessBase"]
[SourceDate "2018.11.04"]
[SourceVersion "1"]
[SourceVersionDate "2018.11.04"]
[SourceQuality "1"]
[WhiteTeam "Ukraine"]
[BlackTeam "China"]
[WhiteTeamCountry "UKR"]
[BlackTeamCountry "CHN"]

1. d4 Nf6 2. c4 g6 3. Nc3 d5 4. Nf3 Bg7 5. e3 0-0 6. Be2 c5 7. 0-0 cxd4 8. exd4 Nc6 9. Ne5 Be6 10. cxd5 Nxd5 11. Nxc6 bxc6 12. Na4 Rb8 13. Nc5 Bf5 14. Bf3 Nb4 15. Bf4 Rb6 16. Be5 Bxe5 17. dxe5 Nc2 18. Rc1 Nb4 19. g4 Be6 20. Qxd8 Rxd8 21. a3 Nd5 22. Nxe6 fxe6 23. b4 Rf8 24. Be4 Ra6 25. Ra1 Kf7 26. Rfc1 Ke8 27. f3 Kd7 28. Kf2 Ra8 29. Bd3 Rb6 30. Rc5 a6 31. Kg3 Rh8 32. h4 Rf8 33. Rh1 Rf7 34. Ra5 Nc7 35. Rd1 Kc8 36. Rc5 Kb7 37. Rdc1 Rf8 38. a4 Nd5 39. a5 Nxb4 40. Be2 Rb5 41. Bxb5 axb5 42. Rd1 Nd5 43. Rc2 Ra8 44. Ra1 Rc8 45. Rc5 Ne3 46. f4 Nc4 47. f5 gxf5 48. gxf5 exf5 49. e6 Nd6 50. Kf4 Rg8 51. Rc2 Rg4+ 52. Kf3 Nc4 53. Rd1 Ka6 54. Ra2 Ne5+ 55. Kf2 Rxh4 56. Kg3 Rg4+ 57. Kh3 Ng6 58. Rd8 Nf4+ 59. Kh2 Nxe6 60. Ra8+ Kb7 61. Re8 0-1

[Event "World ol U16"]
[Site "Konya"]
[Date "2018.11.26"]
[Round "2.13"]
[White "Faerber, David"]
[Black "Li, Wenxiang"]
[Result "0-1"]
[WhiteElo "2291"]
[BlackElo "2172"]
[PlyCount "196"]
[EventDate "2018.11.25"]
[EventType "team-swiss"]
[EventRounds "9"]
[EventCountry "TUR"]
[SourceTitle "CBM 187 Extra"]
[Source "ChessBase"]
[SourceDate "2018.11.04"]
[SourceVersion "1"]
[SourceVersionDate "2018.11.04"]
[SourceQuality "1"]
[WhiteTeam "Germany"]
[BlackTeam "China"]
[WhiteTeamCountry "GER"]
[BlackTeamCountry "CHN"]

1. e4 c6 2. d4 d5 3. Nd2 dxe4 4. Nxe4 Nd7 5. Nf3 Ngf6 6. Nxf6+ Nxf6 7. c3 Bg4 8. h3 Bxf3 9. Qxf3 Qd5 10. Be2 e6 11. 0-0 Bd6 12. Re1 0-0 13. g3 Rac8 14. Kg2 h6 15. Be3 Rfd8 16. a3 a6 17. Rad1 b5 18. Bc1 Rd7 19. Bd3 a5 20. Qxd5 Nxd5 21. f4 b4 22. axb4 axb4 23. c4 Ne7 24. Be3 Rcd8 25. Bc2 b3 26. Bxb3 Rb7 27. Rd3 Rdb8 28. Bd1 Rxb2+ 29. Re2 Nf5 30. Bf2 g5 31. Kf3 Rxe2 32. Bxe2 Rb2 33. fxg5 hxg5 34. Bf1 Rb4 35. Rd2 Be7 36. Kg2 Nd6 37. Rc2 Ne4 38. Bd3 Nxf2 39. Kxf2 Rb3 40. Bf1 Bd6 41. g4 Bf4 42. Re2 Rc3 43. Re4 Kg7 44. Be2 Rxh3 45. Bf3 Rh8 46. Re1 Rc8 47. Rb1 Kf6 48. Rb7 Rd8 49. Bxc6 Rxd4 50. Be8 Rxc4 51. Rxf7+ Ke5 52. Rb7 Bd2 53. Bh5 Ke4 54. Rf7 Bc3 55. Bg6+ Ke5 56. Bh5 Bd4+ 57. Ke2 Rc2+ 58. Kd3 Rc3+ 59. Kd2 Rg3 60. Rf1 Kd5 61. Ke2 Be5 62. Kf2 Ra3 63. Rb1 Bd4+ 64. Kg2 Ke4 65. Re1+ Be3 66. Rf1 Ra2+ 67. Kh1 e5 68. Bg6+ Kd4 69. Rd1+ Bd2 70. Kg2 Ke3 71. Rf1 Be1+ 72. Kh3 Bf2 73. Kg2 Bh4+ 74. Kh3 Rb2 75. Bf5 e4 76. Ra1 Kf3 77. Be6 e3 78. Bd5+ Kf2 79. Bc4 e2 80. Bxe2 Kxe2 81. Ra3 Rd2 82. Re3+ Kf2 83. Rf3+ Ke1 84. Re3+ Re2 85. Ra3 Re4 86. Rb3 Ke2 87. Rb2+ Kf3 88. Rg2 Kf4 89. Kh2 Re3 90. Rg1 Bg3+ 91. Kh1 Kxg4 92. Rb1 Re1+ 93. Kg2 Re2+ 94. Kf1 Rf2+ 95. Kg1 Kh3 96. Rb7 Re2 97. Rh7+ Bh4 98. Kf1 Re1# 0-1

[Event "World ol U16"]
[Site "Konya"]
[Date "2018.11.25"]
[Round "1.2"]
[White "Bulatova, Kamaliya"]
[Black "Li, Wenxiang"]
[Result "1-0"]
[WhiteElo "2108"]
[BlackElo "2172"]
[PlyCount "87"]
[EventDate "2018.11.25"]
[EventType "team-swiss"]
[EventRounds "9"]
[EventCountry "TUR"]
[SourceTitle "CBM 187 Extra"]
[Source "ChessBase"]
[SourceDate "2018.11.04"]
[SourceVersion "1"]
[SourceVersionDate "2018.11.04"]
[SourceQuality "1"]
[WhiteTeam "Russia"]
[BlackTeam "China"]
[WhiteTeamCountry "RUS"]
[BlackTeamCountry "CHN"]

1. d4 Nf6 2. c4 c6 3. Nc3 d5 4. cxd5 cxd5 5. Bf4 Nc6 6. e3 a6 7. Bd3 Bg4 8. Nge2 e6 9. 0-0 Bd6 10. f3 Bh5 11. Rc1 Bg6 12. a3 0-0 13. Na4 e5 14. dxe5 Nxe5 15. Bxg6 Nxg6 16. Bg5 Re8 17. Nac3 h6 18. Bxf6 Qxf6 19. Nxd5 Qxb2 20. Rb1 Qxa3 21. Rxb7 Rab8 22. Rxb8 Bxb8 23. e4 Ne5 24. Nec3 Qc5+ 25. Kh1 Nc4 26. Qa4 Re6 27. Rb1 Be5 28. Qd7 Na5 29. f4 Bxc3 30. Rb8+ Kh7 31. Qxf7 Bf6 32. Nxf6+ Rxf6 33. Qg8+ Kg6 34. f5+ Kh5 35. Rb1 Qe7 36. Qd5 Nc6 37. Qd1+ Kg5 38. Qd2+ Kh5 39. g4+ Kxg4 40. Rg1+ Kf3 41. Qd3+ Kf4 42. Rf1+ Kg5 43. Qg3+ Kh5 44. Rf4 1-0

[Event "Asian Schools-ch 12th U15"]
[Site "Tehran"]
[Date "2016.07.17"]
[Round "9.4"]
[White "Li, Wenxiang"]
[Black "Vakhidov, Daler"]
[Result "1/2-1/2"]
[WhiteElo "2090"]
[BlackElo "1961"]
[PlyCount "96"]
[EventDate "2016.07.11"]
[EventType "swiss"]
[EventRounds "9"]
[EventCountry "IRI"]
[SourceTitle "EXT 2024"]
[Source "ChessBase"]
[SourceDate "2023.10.10"]
[SourceVersion "1"]
[SourceVersionDate "2023.10.10"]
[SourceQuality "1"]

1. d4 Nf6 2. c4 c5 3. d5 b5 4. cxb5 a6 5. bxa6 g6 6. Nc3 Bxa6 7. Nf3 d6 8. e4 Bxf1 9. Kxf1 Bg7 10. g3 0-0 11. Kg2 Nbd7 12. a4 Qa5 13. Bd2 Rfb8 14. Nb5 Qb6 15. Qc2 Ne8 16. Bc3 Nc7 17. Nxc7 Qxc7 18. Nd2 Qb7 19. Ra3 Qa6 20. h4 h6 21. h5 g5 22. Nf1 Ne5 23. b3 Qd3 24. Qxd3 Nxd3 25. Bxg7 Kxg7 26. Ne3 Kh7 27. Rd1 Nb4 28. Rc1 Nd3 29. Rc3 Ne5 30. Nc4 Nxc4 31. Rxc4 Ra5 32. f3 Kg7 33. Kf2 Kf6 34. Ke3 e6 35. dxe6 fxe6 36. Rc2 d5 37. Rd2 d4+ 38. Kd3 e5 39. Rf2 Ke6 40. Rf1 Rb7 41. Rf2 Rb8 42. f4 gxf4 43. gxf4 exf4 44. Rxf4 Rg8 45. Rf3 Rg2 46. b4 cxb4 47. Rb3 Rxa4 48. Kxd4 Rg5 1/2-1/2

[Event "World ol U16"]
[Site "Ulaanbaatar"]
[Date "2015.08.28"]
[Round "10.2"]
[White "Li, Wenxiang"]
[Black "Liu, Xiangyi"]
[Result "1-0"]
[WhiteElo "1934"]
[BlackElo "2436"]
[PlyCount "77"]
[EventDate "2015.08.20"]
[EventType "team-swiss"]
[EventRounds "9"]
[EventCountry "MGL"]
[SourceTitle "EXT 2017"]
[Source "ChessBase"]
[SourceDate "2016.10.25"]
[SourceVersion "1"]
[SourceVersionDate "2016.10.25"]
[SourceQuality "1"]
[WhiteTeam "China II"]
[BlackTeam "Singapore"]
[WhiteTeamCountry "CHN"]
[BlackTeamCountry "SIN"]

1. d4 Nf6 2. c4 g6 3. g3 Bg7 4. Bg2 d5 5. cxd5 Nxd5 6. e4 Nb6 7. Ne2 h5 8. h3 e5 9. d5 h4 10. Nbc3 hxg3 11. fxg3 c6 12. b3 Bf8 13. Be3 Na6 14. Qd2 Bc5 15. 0-0-0 cxd5 16. exd5 Ba3+ 17. Kb1 Bf5+ 18. Be4 Qd7 19. g4 Bxe4+ 20. Nxe4 0-0-0 21. Bg5 f5 22. Bxd8 Rxd8 23. Qc3+ Qc7 24. gxf5 gxf5 25. Ng5 Nxd5 26. Qxc7+ Naxc7 27. h4 Rg8 28. Rh3 f4 29. Nc3 Ne3 30. Rg1 Rd8 31. Nge4 b5 32. h5 b4 33. Ne2 Ne6 34. h6 Nf8 35. h7 Nxh7 36. Rxh7 f3 37. Nc1 Nd5 38. Rxa7 Kb8 39. Rgg7 1-0

[Event "World ol U16"]
[Site "Ulaanbaatar"]
[Date "2015.08.24"]
[Round "5.2"]
[White "Kenenbaev, Aidar"]
[Black "Li, Wenxiang"]
[Result "1-0"]
[WhiteElo "1969"]
[BlackElo "1934"]
[PlyCount "65"]
[EventDate "2015.08.20"]
[EventType "team-swiss"]
[EventRounds "9"]
[EventCountry "MGL"]
[SourceTitle "EXT 2016"]
[Source "ChessBase"]
[SourceDate "2015.10.08"]
[SourceVersion "1"]
[SourceVersionDate "2015.10.08"]
[SourceQuality "1"]
[WhiteTeam "Kyrgyzstan"]
[BlackTeam "China II"]
[WhiteTeamCountry "KGZ"]
[BlackTeamCountry "CHN"]

1. Nf3 d5 2. g3 c6 3. Bg2 Bg4 4. 0-0 e6 5. d3 Nf6 6. Nbd2 Nbd7 7. Qe1 Qc7 8. e4 Bd6 9. h3 Bh5 10. a4 0-0 11. b3 Bxf3 12. Nxf3 e5 13. Bb2 Rfe8 14. Qe2 d4 15. h4 c5 16. Bh3 Nb8 17. Kg2 Nc6 18. g4 a6 19. Nh2 Nd7 20. g5 Nf8 21. Ng4 Ng6 22. Kg3 Nf4 23. Qd1 b5 24. Bc1 Ne6 25. Kh2 c4 26. Rg1 Nb4 27. axb5 cxd3 28. cxd3 Qc3 29. Nf6+ gxf6 30. gxf6+ Kh8 31. Bxe6 Qxa1 32. Rg7 h6 33. Qd2 1-0

[Event "Asia Cities-ch 19th"]
[Site "Kalutara "]
[Date "2015.07.25"]
[Round "5"]
[White "Taalaibekov, Tagir"]
[Black "Li, Wenxiang"]
[Result "1-0"]
[WhiteElo "2193"]
[BlackElo "1882"]
[PlyCount "107"]
[EventDate "2015.07.22"]
[EventType "team-tourn"]
[EventRounds "9"]
[EventCountry "SRI"]
[SourceTitle "EXT 2020"]
[Source "ChessBase"]
[SourceDate "2019.10.17"]
[SourceVersion "1"]
[SourceVersionDate "2019.10.17"]
[SourceQuality "1"]
[WhiteTeam "Bishkek"]
[BlackTeam "Qingdao"]
[WhiteTeamCountry "KGZ"]
[BlackTeamCountry "CHN"]

1. d4 d5 2. c4 c6 3. Nf3 Nf6 4. e3 Bf5 5. Nc3 e6 6. Nh4 Bg6 7. Nxg6 hxg6 8. Bd3 Nbd7 9. h3 a6 10. a3 Bd6 11. 0-0 Qe7 12. e4 dxe4 13. Nxe4 Nxe4 14. Bxe4 Rh4 15. Re1 0-0-0 16. b4 f5 17. Bf3 Nf6 18. Bg5 Rxd4 19. Qb3 Rd3 20. Qa4 Qd7 21. b5 cxb5 22. cxb5 Kb8 23. Rab1 Rxa3 24. Qc4 a5 25. Rxe6 Rc8 26. Bc6 Ne4 27. Bxd7 Rxc4 28. b6 Rac3 29. Re8+ Rc8 30. Bxc8 Rxc8 31. Rxc8+ Kxc8 32. Be3 Kd7 33. f3 Nc3 34. Ra1 Bb4 35. Kf1 Nd5 36. Bd4 Kc6 37. Bxg7 Kxb6 38. g4 fxg4 39. fxg4 g5 40. Be5 Bc3 41. Bxc3 Nxc3 42. h4 gxh4 43. g5 Ne4 44. g6 Ng3+ 45. Kg2 Nf5 46. Kh3 Kb5 47. Rf1 Ng7 48. Rf7 Ne6 49. Kxh4 a4 50. Rxb7+ Kc4 51. Kg4 a3 52. Kf5 a2 53. Ra7 Nd4+ 54. Kf6 1-0

[Event "Asia Cities-ch 19th"]
[Site "Kalutara "]
[Date "2015.07.24"]
[Round "4"]
[White "Li, Wenxiang"]
[Black "Raghunandan, Kaumandur Srihari"]
[Result "1/2-1/2"]
[WhiteElo "1882"]
[BlackElo "2236"]
[PlyCount "82"]
[EventDate "2015.07.22"]
[EventType "team-tourn"]
[EventRounds "9"]
[EventCountry "SRI"]
[SourceTitle "EXT 2020"]
[Source "ChessBase"]
[SourceDate "2019.10.17"]
[SourceVersion "1"]
[SourceVersionDate "2019.10.17"]
[SourceQuality "1"]
[WhiteTeam "Qingdao"]
[BlackTeam "Bangalore"]
[WhiteTeamCountry "CHN"]
[BlackTeamCountry "IND"]

1. d4 d5 2. c4 e6 3. Nc3 c6 4. Nf3 Nf6 5. Bg5 dxc4 6. a4 Bb4 7. e4 Bxc3+ 8. bxc3 Qa5 9. e5 Ne4 10. Bd2 Nxd2 11. Qxd2 b5 12. Qb2 Nd7 13. axb5 Qxb5 14. Qa3 c5 15. Nd2 Qc6 16. Be2 Bb7 17. Bf3 Qc7 18. Nxc4 0-0 19. Bxb7 Qxb7 20. 0-0 cxd4 21. cxd4 Qd5 22. Qa4 Rfd8 23. Nd6 Nb6 24. Qb4 Nc8 25. Ra5 Qc6 26. Nxc8 Rdxc8 27. h3 h6 28. Rfa1 Qe4 29. Re1 Qf4 30. g3 Qf5 31. Qb7 Rab8 32. Qxa7 Rb2 33. d5 exd5 34. Rxd5 Qf3 35. Ra5 Rcc2 36. Qa8+ Qxa8 37. Rxa8+ Kh7 38. Rf1 Re2 39. Ra5 Kg6 40. g4 Rb3 41. Kg2 Rbe3 1/2-1/2

[Event "CHN-chT"]
[Site "China"]
[Date "2014.11.16"]
[Round "18.4"]
[White "Mu, Ke"]
[Black "Li, Wenxiang"]
[Result "1/2-1/2"]
[WhiteElo "2325"]
[BlackElo "1846"]
[PlyCount "154"]
[EventDate "2014.04.12"]
[EventType "team-tourn"]
[EventRounds "22"]
[EventCountry "CHN"]
[SourceTitle "EXT 2016"]
[Source "ChessBase"]
[SourceDate "2015.10.08"]
[SourceVersion "1"]
[SourceVersionDate "2015.10.08"]
[SourceQuality "1"]
[WhiteTeam "Qingdao Exp School"]
[BlackTeam "Qingdao Qingwei"]
[WhiteTeamCountry "CHN"]
[BlackTeamCountry "CHN"]

1. c4 c6 2. Nf3 Nf6 3. Nc3 d5 4. d4 dxc4 5. a4 Bf5 6. Nh4 Bc8 7. e3 Bg4 8. Qc2 e6 9. Bxc4 Nd5 10. Nf3 Bxf3 11. gxf3 a5 12. f4 g6 13. Qb3 Bb4 14. 0-0 0-0 15. Be2 f5 16. Na2 Qe7 17. Nxb4 Qxb4 18. Qc2 Nd7 19. Bd2 Qd6 20. Rfc1 Kf7 21. Bf3 N7f6 22. Kf1 Ke7 23. Qb3 Ra7 24. Rc4 Rc8 25. Rac1 b6 26. h3 Rac7 27. Qd3 Kd7 28. b3 Qf8 29. Qb1 c5 30. dxc5 Rxc5 31. Qb2 R5c7 32. R1c2 Qd6 33. Bc1 Ke7 34. Qe5 Rxc4 35. bxc4 Nb4 36. Qxd6+ Kxd6 37. Ba3 Nd7 38. Bb7 Rc7 39. Ba6 Nc5 40. Rd2+ Ke7 41. Bb5 Rc8 42. Bb2 Nc6 43. Ke2 Nb8 44. Ba3 h6 45. h4 Rd8 46. Rd4 Rd6 47. Kd1 Nbd7 48. Kc2 Nb8 49. Be8 Nc6 50. Rxd6 Kxd6 51. Bxg6 Nb4+ 52. Bxb4 axb4 53. Be8 e5 54. fxe5+ Kxe5 55. Bh5 Ke4 56. Bd1 Nxa4 57. Kb3 Nc5+ 58. Kxb4 Nd3+ 59. Kb5 Nxf2 60. Bc2+ Kxe3 61. Bxf5 Kd4 62. Be6 Ke5 63. Bf7 Kd6 64. Kxb6 Ne4 65. Bg6 Nc5 66. Bf5 Nb3 67. Bc2 Nc5 68. Kb5 Ne6 69. Kb4 Nc5 70. Bf5 Na6+ 71. Kc3 Ke5 72. Bg6 Nc5 73. Bf7 Ne4+ 74. Kd3 Nd6 75. Bg6 Nxc4 76. Kxc4 Kf6 77. h5 Kg7 1/2-1/2

[Event "CHN-chT"]
[Site "China"]
[Date "2014.09.12"]
[Round "15.2"]
[White "Li, Wenxiang"]
[Black "Wang, Yue"]
[Result "0-1"]
[WhiteElo "1846"]
[BlackElo "2717"]
[PlyCount "138"]
[EventDate "2014.04.12"]
[EventType "team-tourn"]
[EventRounds "22"]
[EventCountry "CHN"]
[SourceTitle "EXT 2015"]
[Source "ChessBase"]
[SourceDate "2014.11.20"]
[SourceVersion "1"]
[SourceVersionDate "2014.11.20"]
[SourceQuality "1"]
[WhiteTeam "Qingdao Qingwei"]
[BlackTeam "Tianjing"]
[WhiteTeamCountry "CHN"]
[BlackTeamCountry "CHN"]

1. d4 d6 2. Nf3 Nf6 3. c4 g6 4. g3 Bg7 5. Bg2 0-0 6. Nc3 c5 7. d5 e6 8. 0-0 exd5 9. cxd5 Re8 10. Nd2 a6 11. a4 Nbd7 12. Nc4 Ne5 13. Na3 Nh5 14. h3 f5 15. Kh2 Nf6 16. f4 Nf7 17. Nc4 h5 18. e3 Bd7 19. Qb3 Rb8 20. Qb6 Qxb6 21. Nxb6 Bc8 22. a5 Bd7 23. Rd1 Bb5 24. Kg1 Re7 25. Kf2 Nd7 26. Nca4 Nxb6 27. Nxb6 Nh6 28. Ra2 Kf8 29. b3 Ng8 30. Nc4 Rd8 31. Rc2 Nf6 32. Bb2 Ne8 33. Bxg7+ Kxg7 34. Bf3 Nf6 35. Rg1 Kf7 36. Re1 Ke8 37. Rce2 Ne4+ 38. Bxe4 Rxe4 39. Rc2 Kd7 40. Kf3 Rde8 41. Rc3 Kc7 42. g4 hxg4+ 43. hxg4 Rh8 44. gxf5 gxf5 45. Rg1 Re7 46. Rg5 Bd7 47. Rc1 Rh3+ 48. Kf2 Bb5 49. Rc3 Rh2+ 50. Kf3 Rf7 51. Rc1 Rh3+ 52. Kf2 Re7 53. Rc3 Bd7 54. Rc1 Rh2+ 55. Rg2 Rxg2+ 56. Kxg2 Bb5 57. Kf3 Bxc4 58. Rxc4 Rh7 59. Kg2 b6 60. axb6+ Kxb6 61. e4 fxe4 62. Rxe4 Rh5 63. Kf3 Rxd5 64. Kg4 Rd1 65. Kf5 d5 66. Re6+ Kb5 67. Ke5 c4 68. bxc4+ dxc4 69. Re8 Re1+ 0-1

[Event "CHN-chT"]
[Site "China"]
[Date "2014.09.12"]
[Round "14.5"]
[White "Liu, Guanchu"]
[Black "Li, Wenxiang"]
[Result "1-0"]
[WhiteElo "2358"]
[BlackElo "1846"]
[PlyCount "119"]
[EventDate "2014.04.12"]
[EventType "team-tourn"]
[EventRounds "22"]
[EventCountry "CHN"]
[SourceTitle "EXT 2015"]
[Source "ChessBase"]
[SourceDate "2014.11.20"]
[SourceVersion "1"]
[SourceVersionDate "2014.11.20"]
[SourceQuality "1"]
[WhiteTeam "Chengdu"]
[BlackTeam "Qingdao Qingwei"]
[WhiteTeamCountry "CHN"]
[BlackTeamCountry "CHN"]

1. e4 c6 2. d4 d5 3. e5 Bf5 4. Nd2 e6 5. Nb3 Nd7 6. Nf3 a6 7. Be2 Qc7 8. 0-0 Ne7 9. Bd2 c5 10. dxc5 Nxc5 11. Nbd4 Be4 12. b4 Nd7 13. b5 Nf5 14. Nxf5 Bxf5 15. bxa6 bxa6 16. c4 dxc4 17. Qa4 Bc5 18. Ba5 Qb7 19. Qxc4 0-0 20. Rad1 Rfc8 21. Qh4 Nf8 22. Rd2 Be4 23. Rfd1 Bd5 24. Qg3 Rab8 25. h4 Qc6 26. Nd4 Qa4 27. Bc3 Bxd4 28. Bxd4 Rc2 29. Be3 Rxd2 30. Rxd2 Qa3 31. Kh2 a5 32. h5 Rb2 33. Rxb2 Qxb2 34. Bh6 g6 35. Qe3 Nd7 36. Bf4 Qb6 37. Qg3 Qd4 38. a3 Qe4 39. Bd3 Qd4 40. Bb5 Nf8 41. h6 Qc5 42. a4 Qe7 43. Qg5 f6 44. Qxf6 Qxf6 45. exf6 Kf7 46. Bd6 g5 47. Bc7 Kxf6 48. Bxa5 e5 49. Bb6 Ne6 50. a5 Ba8 51. a6 Nf4 52. Bd7 Nd5 53. Bd8+ Kg6 54. Bc8 Bc6 55. Bb7 Nb4 56. Bxc6 Nxc6 57. Bb6 Kxh6 58. a7 Nxa7 59. Bxa7 Kg6 60. g4 1-0

[Event "CHN-chT"]
[Site "China"]
[Date "2014.09.11"]
[Round "13.1"]
[White "Li, Wenxiang"]
[Black "Wang, Yiye"]
[Result "0-1"]
[WhiteElo "1846"]
[BlackElo "2415"]
[PlyCount "64"]
[EventDate "2014.04.12"]
[EventType "team-tourn"]
[EventRounds "22"]
[EventCountry "CHN"]
[SourceTitle "EXT 2015"]
[Source "ChessBase"]
[SourceDate "2014.11.20"]
[SourceVersion "1"]
[SourceVersionDate "2014.11.20"]
[SourceQuality "1"]
[WhiteTeam "Qingdao Qingwei"]
[BlackTeam "Beijing"]
[WhiteTeamCountry "CHN"]
[BlackTeamCountry "CHN"]

1. d4 d5 2. c4 c6 3. cxd5 cxd5 4. Bf4 Nc6 5. e3 Nf6 6. Nc3 a6 7. Bd3 g6 8. h3 Bg7 9. Nf3 0-0 10. a3 b5 11. 0-0 Bb7 12. b4 e6 13. Qb3 Qe7 14. Ne5 Ne4 15. Nxc6 Bxc6 16. Bxe4 dxe4 17. Rfd1 Rfd8 18. Bg3 Rac8 19. Rac1 Qb7 20. Qb1 g5 21. Rc2 Bd5 22. Nxd5 exd5 23. Rxc8 Rxc8 24. Bd6 Qd7 25. Bc5 f5 26. Qb3 f4 27. Re1 f3 28. gxf3 exf3 29. e4 Qxh3 30. Qxd5+ Kh8 31. Qxg5 Rg8 32. e5 Bh6 0-1